| 000 | 00962nam a22001937a 4500 | ||
|---|---|---|---|
| 999 |
_c63896 _d63896 |
||
| 003 | Ge_BSU | ||
| 005 | 20260216151813.0 | ||
| 008 | 260216s1960 ge ||||| |||| 00| 0 geo d | ||
| 041 | _ageo | ||
| 080 | _a658.155+ 338.244.018 პ-14 | ||
| 100 |
_aპაიჭაძე, ნ. _915618 |
||
| 245 |
_aსოციალისტურ საწარმოთა სამეურნეო ანგარიში და რენტაბელობა / _cნ. პაიჭაძე. |
||
| 264 |
_aთბ. : _b საბჭ. საქართველო, _c1960. |
||
| 300 |
_a173 გვ. ; _b 20 სმ. |
||
| 504 | _aბიბლიოგრ. შენიშვნებში. | ||
| 653 | _aსამრეწველო საწარმოების სამეურნეო ანგარიში | ||
| 653 | _aსამრეწველო საწარმოების რენტაბელობა | ||
| 942 |
_2udc _cᲬᲘᲒᲜᲘ |
||